| 000 | 00664nam a22002057a 4500 | ||
|---|---|---|---|
| 003 | 0 | ||
| 005 | 20251113130818.0 | ||
| 008 | 251113b xxu||||| |||| 00| 0 eng d | ||
| 020 | _a978-0-446-66790-6 | ||
| 050 |
_aPS 3553 _b.C66 2002 |
||
| 100 |
_aConnelly, Michael, _eauthor. |
||
| 245 |
_aA Darkness more than night / _cMichael Connelly. |
||
| 260 |
_aNew York, NY : _bGrand Central Publishing. _c2002. |
||
| 300 |
_a470 pages ; _c18 cm. |
||
| 650 | _aDetective and mystery fiction. | ||
| 650 |
_aPolice _zCalifornia _zLos Angeles _xFiction. |
||
| 650 |
_aMurder _xInvestigation _vFiction. |
||
| 650 |
_aSerial murders _xInvestigation _vFiction. |
||
| 942 |
_2lcc _cBK |
||
| 999 |
_c368624 _d368624 |
||